000 00923nac a22002051u 4500
008 100810s1977 ua|||||r|||| 001 0 ara d
020 _a706585X
082 _a661
_bس ت ا
100 _aستابف،هلموت
_917329
245 _aالكيمياء الصناعية/
_cتأليف هلموت ستابف؛ترجمة محمد اسماعيل عبد اللطيف
260 _aالقاهرة:
_bالأهرام، 1977
_c1977.
300 _a219 ص:
_bايض؛
_c18 سم
490 _917331
_aالأسس التكنولوجية
541 _cشراء؛
650 _aالكيمياء الصناعية
_917290
650 _aالصناعات الكيماوية
_917332
700 _aعبد اللطيف،محمد اسماعيل
_917334
_eمترجم
942 _cBB
_k661س ت ا
_2ddc
999 _c6339
_d6339